Reforma electoral / (Record no. 166466)

MARC details
000 -LEADER
campo de control de longitud fija 00698nam a22001935i 4500
001 - NÚMERO DE CONTROL
campo de control 166466
003 - IDENTIFICADOR DE NÚMERO DE CONTROL
campo de control ES-MaACL
005 - FECHA Y HORA DE LA ÚLTIMA TRANSACCIÓN
campo de control 20251213063020.0
008 - DATOS DE LONGITUD FIJA--INFORMACIÓN GENERAL
campo de control de longitud fija 050913s1901 sp | |||||||| ||spa d
040 ## - FUENTE DE CATALOGACIÓN
Centro catalogador/agencia de origen CAM
Lengua de catalogación spa
Centro/agencia transcriptor CAM
100 1# - ENTRADA PRINCIPAL--NOMBRE DE PERSONA
Nombre de persona Torre-Hermosa, Alberto Cológan y Cológan,
Títulos y otros términos asociados al nombre Marqués de
9 (RLIN) 133314
245 10 - MENCIÓN DEL TÍTULO
Título Reforma electoral /
Mención de responsabilidad, etc. Marqués de Torre-Hermosa.
260 ## - PUBLICACIÓN, DISTRIBUCIÓN, ETC.
Lugar de publicación, distribución, etc. Madrid :
Nombre del editor, distribuidor, etc. [s.n.],
Fecha de publicación, distribución, etc. 1901 (
Fabricante Tipografía Moderna de T. Osácar)
300 ## - DESCRIPCIÓN FÍSICA
Extensión 30 p. ;
Dimensiones 22 cm.
500 ## - NOTA GENERAL
Nota general Datos tomados de la cub.
650 #4 - PUNTO DE ACCESO ADICIONAL DE MATERIA--TÉRMINO DE MATERIA
Término de materia o nombre geográfico como elemento de entrada Elecciones.
9 (RLIN) 12139
852 ## - LOCALIZACIÓN
Ubicación ES-MaACL
Número de control de estantería T-977-F-5
Nota libre -- Enc. hol., conservando la cub. original
-- -- Enc. en un vol. facticio
Holdings
Estatus retirado Estado de pérdida Estado de daño No para préstamo Colección Biblioteca de origen Biblioteca actual Ubicación en estantería Fecha de adquisición Total de préstamos Signatura topográfica completa Código de barras Visto por última vez Precio de reemplazo Tipo de ítem Koha
        Colección de folletos Biblioteca del Ateneo de Madrid Biblioteca del Ateneo de Madrid Depósito folletos 17/01/2008   T-977-F-5 1174591 23/02/2023 23/02/2023 Folleto